Normal view
MARC view
- Knowledge, Theory of (Religion)
Entry Topical Term
001 - CONTROL NUMBER
- control field: 6064
003 - CONTROL NUMBER IDENTIFIER
- control field: NUST
005 - DATE AND TIME OF LATEST TRANSACTION
- control field: 20171107103805.0
008 - FIXED-LENGTH DATA ELEMENTS
- fixed length control field: 171107|| aca||aabn | a|a d
040 ## - CATALOGING SOURCE
- Original cataloging agency: NUST
- Transcribing agency: NUST
150 ## - HEADING--TOPICAL TERM
- Topical term or geographic name entry element: Knowledge, Theory of (Religion)
670 ## - SOURCE DATA FOUND
- Source citation: Work cat.: (NUST)0: Schuon, Frithjof, 1907-1998. 6063, Spiritual perspectives and human facts /, 1987.
